Ramones Songs I've Heard by Lyric - Statistics

General Stats
  • This quiz has been taken 34 times
  • The average score is 13 of 22
Answer Stats
Hint Answer % Correct
They're forming in a straight line they're going through a tight wind the kids are losing their minds Blitzkrieg Bop
100%
I can't control my fingers I can't control my brain I Wanna Be Sedated
94%
It's not hard not far to reach we can hitch a ride to Rockaway Beach
89%
But she never got there, she never got there, she never got there they say The KKK Took My Baby Away
89%
Beat on the brat with a baseball bay oh yeah oh yeah oh-oh Beat On the Brat
83%
Now I guess I'll have to tell 'em that I got no cerebellum Teenage Lobotomy
83%
Bu she just couldn't stay she had to break away well New York City really has it all oh yeah oh yeah Sheena Is a Punk Rocker
78%
Gabba gabba we accept you we accept you one of us Pinhead
72%
I was feeling sick losing my mind heard about these treatments by a friend of mine Gimmie Gimmie Shock Treatment
67%
Do you love me babe? what do you say? Do you love me babe? What can I say? I Wanna Be Your Boyfriend
67%
Well I'm going out West where I belong where the days are short and the nights are long California Sun
61%
Do you remember lyin' in bed with the covers pulled up over your head? Do You Remember Rock 'N' Roll Radio
61%
So why you wanna walk around with me? ooh-ooh-ooh I Don't Wanna Walk Around With You
61%
All the kids wanna sniff some glue all the kids want somethin' to do Now I Wanna Sniff Some Glue
61%
Well, I don't care about history Rock 'N' Roll High School
61%
They do their best, do what they can they get ready for Vietnam Commando
50%
Wealth and fame he's ignored action is his reward Spider-Man
39%
Tanqueray and tonic's my favorite drink I don't like anything colored pink Somebody Put Something In My Drink
33%
When you kiss me, I just gotta kiss me, I just gotta kiss me I just gotta say Baby, I Love You
28%
Now I want to run away from home now I want to be on my own Now I Wanna Be a Good Boy
22%
They're telling us they're gonna make a fuss about the two of us I Want You Around
17%
Got pretty scary swerving at 100 miles an hour o-oh Cabbies on Crack
11%
No matching quizzes found
Score Distribution
Percent of People with Each Score
Percentile by Number Answered
Your Score History
You have not taken this quiz